header

Do federal regulations reduce mortality? (Record no. 24125)

MARC details
000 -LEADER
fixed length control field 01448nam a2200325Ia 4500
100 1# - MAIN ENTRY--AUTHOR NAME
Personal name Hahn, Robert William.
245 10 - TITLE STATEMENT
Title Do federal regulations reduce mortality?
260 ## - PUBLICATION, DISTRIBUTION, ETC. (IMPRINT)
Place of publication Washington, DC :
Name of publisher AEI-Brookings Joint Center for Regulatory Studies :
-- available in the United States from the AEI Press,
Year of publication 2000.
300 ## - PHYSICAL DESCRIPTION
Number of Pages vi, 37 p. :
Other physical details ill.
650 #0 - SUBJECT ADDED ENTRY--TOPICAL TERM
Topical Term Environmental health
Topical Term Mortality
Topical Term Public health laws
Topical Term Safety regulations
700 1# - ADDED ENTRY--PERSONAL NAME
Personal name Lutter, Randall W.
Personal name Viscusi, W. Kip.
856 40 - ELECTRONIC LOCATION AND ACCESS
Uniform Resource Identifier http://site.ebrary.com/lib/rucke/Doc?id=10020616

No items available.

© 2026 Rongo University
Contact us: librarian | system librarian | Rongo university